La creación literaria para niños

Furkejuvvon:
Bibliográfalaš dieđut
Váldodahkki: Cervera, Juan (Dahkki)
Materiálatiipa: Girji
Giella:espánnjágiella
Almmustuhtton: Bilbao Mensajero 1997
Ráidu:Colección Biblioteca Pedagogía
Fáttát:
Fáddágilkorat: Lasit fáddágilkoriid
Eai fáddágilkorat, Lasit vuosttaš fáddágilkora!

MARC

LEADER 00000nam a2200000 a 4500
001 UCP8472
003 CL-VaPUC
008 000303e19970000SP |||||||||||||||||spa|d
082 0 4 |a 808.068  |b CER  |2 21 
100 0 |a Cervera, Juan  |e author  |9 438442 
245 1 3 |a La creación literaria para niños 
300 |a 361 p 
942 |c BK 
945 |d 20000303 00:00:00  |a rbrito 
260 |a Bilbao  |b Mensajero  |c 1997 
650 0 |a Literatura infantil   |9 307465 
650 0 |a Crítica literaria   |9 269189 
650 0 |a Creación literaria   |9 307247 
583 |a last modification  |c 20000303 00:00:00  |k Rodrigo Vera 
490 0 |a Colección Biblioteca Pedagogía 
999 |c 285368  |d 285366 
952 |0 0  |1 0  |4 0  |6 808_068000000000000_CER_1997  |7 0  |8 A  |9 329917  |a BIBEDU  |b BIBEDU  |d 2019-11-20  |i 3596656  |o 808.068 CER 1997  |p 3596656  |r 2019-11-20  |w 2019-11-20  |y BK  |k EPE